Statystyki dla Najdłuższe Rzeki kontynentów

Kliknij tutaj aby rozwiązać quiz!

Ogólne statystyki

  • Ten quiz został rozwiązany 347 razy
  • Średni wynik to 5 z 6

Statystyki odpowiedzi

KontynentNajdłuższa rzeka% Poprawnych
AfrykaNil
98%
Ameryka PołudniowaAmazonka
97%
EuropaWołga
89%
Ameryka PółnocnaMissisipi
75%
AzjaJangcy
74%
Australia i OceaniaDarling
25%

Rozkład punktacji

Percentyl według liczby udzielonych odpowiedzi

Procent ludzi z każdym wynikiem

Twoja historia wyników

Nie rozwiązałeś tego quizu